La defensa nimzoindia /

Explicación sobre la defensa nimzoindia, una apertura de ajedrez muy popular, por parte del Gran Maestro Internacional (GMI) inglés John Emms, quien la ha empleado durante largos años como su defensa favorita frente a la posición 1.d4. Emms analiza la apertura desde el punto de vista de ambos colore...

Descripción completa

Guardado en:
Detalles Bibliográficos
Autor principal: Emms, John (autor)
Formato: Libro
Idioma:Español
Publicado: Madrid, España : La Casa del Ajedrez, 2012, c2012
Colección:(Ajedrez Jugada a Jugada)
Temas:
Etiquetas: Agrega una etiqueta
Sin etiquetas, Sé el primero en etiquetar este registro!

MARC

LEADER 00000nam^a2200000^a^4500
001 000325568
005 20250521000000.0
009 20260310113741.656
020 |a 84-92517-36-0 
037 |a Acervo ITESO - Biblioteca 
041 |a ESP 
082 |a 794. 122  |b EMM 
100 |a Emms, John  |e (autor) 
245 1 3 |a La defensa nimzoindia /  |c J. Emms ; tr. por Antonio Gude. 
264 4 |a Madrid, España :  |b La Casa del Ajedrez,  |c 2012, c2012 
300 |a 223 p. 
336 |a texto  |b txt  |2 rdacontenido 
337 |a sin mediación  |b n  |2 rdamedio 
338 |a volumen  |b nc  |2 rdasoporte 
440 1 |a (Ajedrez Jugada a Jugada) 
500 |a Traducción de: The Nimzo-Indian, Move by Move 
520 |a Explicación sobre la defensa nimzoindia, una apertura de ajedrez muy popular, por parte del Gran Maestro Internacional (GMI) inglés John Emms, quien la ha empleado durante largos años como su defensa favorita frente a la posición 1.d4. Emms analiza la apertura desde el punto de vista de ambos colores y ofrece respuestas a las preguntas clave, a partir de sus más de treinta años de experiencias y conocimientos. 
649 |a XX 
650 |a Ajedrez -  |x Aperturas -  |x Tema Principal 
650 |a Ajedrez -  |x Táctica 
650 |a Juegos de Mesa 
650 |a Juegos Matemáticos 
650 |a Deportes 
910 |a Fondo General 
920 |a Impresos - Libros 
930 |a Colección General 
905 |a 101 
901 |a 0500214103  |b IT1  |c ACC  |i C133903  |u 20250521 
902 |a https://opac.biblio.iteso.mx/vufind/Record/000325568